The heroine in bronze ; or, A portrait of a girl; a pastoral of the city /

Bibliographic Details
Main Author: Allen, James Lane, 1849-1925
Format: Book
Language:English
Published: New York : Macmillan, 1912.

MARC

Tag First Indicator Second Indicator Subfields
LEADER 00000cam a2200000 4500
001 in00000716513
005 20151016061856.0
008 730320s1912 nyu 00011 eng u
010 |a  12024622  
035 |a (OCoLC)00583358 
035 |9 ADD3496AM 
040 |c DAY  |d TXA  |d UtOrBLW 
049 |a TXAM  |c [636640] 
050 0 0 |a PZ3.A427  |b He 
090 |a PS1034  |b .H47 1912 
100 1 |a Allen, James Lane,  |d 1849-1925. 
245 1 4 |a The heroine in bronze ;  |b or, A portrait of a girl; a pastoral of the city /  |c by James Lane Allen. 
264 1 |a New York :  |b Macmillan,  |c 1912. 
300 |a 6 pages ., 3-281 pages ;  |c 19 cm. 
336 |a text  |b txt  |2 rdacontent 
337 |a unmediated  |b n  |2 rdamedia 
338 |a volume  |b nc  |2 rdacarrier 
999 |a MARS 
999 f f |s 32bf7352-446b-3d66-8fdb-cb84858b66b8  |i 0bb25ec3-2440-3de8-b6c7-7e7fd988beaa  |t 0 
952 f f |p ric  |a Texas A&M University  |b Rellis Campus  |c Joint Library Facility  |d Remote Storage  |t 0  |e PS1034 .H47 1912  |h Library of Congress classification  |i unmediated -- volume  |m A14804194523 
998 f f |a PS1034 .H47 1912  |t 0  |l Remote Storage